书目信息 |
| 题名: |
基于SAP的企业级实用数据分析
|
|
| 作者: | 福斯 , 莫德曼 著 ;于俊伟 , 刘楠 译 | |
| 分册: | ||
| 出版信息: | 北京 机械工业出版社 2021.02 |
|
| 页数: | 257页, [4] 页图版 | |
| 开本: | 24cm | |
| 丛书名: | O'Reilly精品图书系列 | |
| 单 册: | ||
| 中图分类: | F272.7 | |
| 科图分类: | ||
| 主题词: | 企业管理--qi ye guan li--数据处理--应用软件 | |
| 电子资源: | ||
| ISBN: | 978-7-111-67403-0 | |
| 000 | 01684nam 2200361 450 | |
| 001 | 202021191922 | |
| 005 | 20211025120131.0 | |
| 010 | @a978-7-111-67403-0@dCNY99.00 | |
| 092 | @aCN@bRt969-0644 | |
| 100 | @a20210922d2021 em y0chiy50 ea | |
| 101 | 1 | @achi@ceng |
| 102 | @aCN@b110000 | |
| 105 | @aaf z 000yy | |
| 106 | @ar | |
| 200 | 1 | @a基于SAP的企业级实用数据分析@Aji yu SAPde qi ye ji shi yong shu ju fen xi@f(美) Greg Foss, Paul Modderman著@g于俊伟, 刘楠译 |
| 210 | @a北京@c机械工业出版社@d2021.02 | |
| 215 | @a257页, [4] 页图版@c图@d24cm | |
| 225 | 2 | @aO'Reilly精品图书系列@AO'Reilly jing pin tu shu xi lie |
| 300 | @a华章IT | |
| 306 | @aO'Reilly Media Inc.授权出版 | |
| 312 | @a原文题名取自封面 | |
| 314 | @aFoss规范汉译姓: 福斯 Modderman规范汉译姓: 莫德曼 | |
| 330 | @a本书首先向SAP专业人员介绍了机器学习和神经网络等数据科学基本原理, 也向数据科学家介绍了SAP系统的数据结构和数据服务等概念, 使初学者不至于被陌生的概念吓到。接着, 进入了数据探索性分析和异常检测这两个非常基础又十分重要的数据准备阶段。最后, 通过模拟Big Bonanza Warehouse公司的业务场景, 带领我们学习基于时间序列的销量预测分析、基于聚类的客户细分、基于关联规则的数据挖掘和基于自然语言处理的情感分析等实际分析过程。 | |
| 410 | 0 | @12001 @aO'Reilly精品图书系列 |
| 500 | 10 | @aPractical data science with SAP: machine learning techniques for enterprise data@mChinese |
| 606 | 0 | @a企业管理@Aqi ye guan li@x数据处理@x应用软件 |
| 690 | @aF272.7@v5 | |
| 701 | 1 | @a福斯@Afu si@g(Foss, Greg)@4著 |
| 701 | 1 | @a莫德曼@Amo de man@g(Modderman, Paul)@4著 |
| 702 | 0 | @a于俊伟@Ayu jun wei@4译 |
| 702 | 0 | @a刘楠@Aliu nan@4译 |
| 801 | 0 | @aCN@c20210909 |
| 905 | @a河南城建学院图书馆@dF272.7@eF757 | |
| 基于SAP的企业级实用数据分析/(美) Greg Foss, Paul Modderman著/于俊伟, 刘楠译.-北京:机械工业出版社,2021.02 |
| 257页, [4] 页图版:图;24cm.-(O'Reilly精品图书系列) |
| 华章IT |
| ISBN 978-7-111-67403-0:CNY99.00 |
| 本书首先向SAP专业人员介绍了机器学习和神经网络等数据科学基本原理, 也向数据科学家介绍了SAP系统的数据结构和数据服务等概念, 使初学者不至于被陌生的概念吓到。接着, 进入了数据探索性分析和异常检测这两个非常基础又十分重要的数据准备阶段。最后, 通过模拟Big Bonanza Warehouse公司的业务场景, 带领我们学习基于时间序列的销量预测分析、基于聚类的客户细分、基于关联规则的数据挖掘和基于自然语言处理的情感分析等实际分析过程。 |
| ● |
| 相关链接 |
|
|
|
正题名:基于SAP的企业级实用数据分析
索取号:F272.7/F757
 
预约/预借
| 序号 | 登录号 | 条形码 | 馆藏地/架位号 | 状态 | 备注 |
| 1 | 1540879 | 215408798 | 社科库409/409社科库 88排1列5层/ [索取号:F272.7/F757] | 在馆 | |
| 2 | 1540880 | 215408805 | 社科库409/409社科库 88排1列5层/ [索取号:F272.7/F757] | 在馆 |